A new pocket companion for Oxford : or, guide through the University. Containing an accurate description of the public edifices, the buildings ... To which are added, descriptions of the buildings, tapestry, paintings, ... At Blenheim, Ditchley, Heythrop, Nuneham and Stow, ...

Bibliographic Details
Uniform Title:Pocket companion for Oxford.
Format: eBook
Language:English
Edition:A new edition, corrected, much enlarged, and adorned with a plan .. and six other plates.
Series:Eighteenth century collections online.
Online Access:Full text online

MARC

Tag First Indicator Second Indicator Subfields
LEADER 00000cam a2200000 4500
001 in00001940407
006 m | d |
007 cr |n||||||||n
008 791208s1783 enk|||| s 00||||eng d
005 20260403181220.2
035 |a (CStRLIN)ESTCT78579 
040 |a Uk-ES  |c Uk-ES  |d CStRLIN  |d Thomson Gale  |d UtOrBLW 
130 0 |a Pocket companion for Oxford. 
245 1 2 |a A new pocket companion for Oxford :  |b or, guide through the University. Containing an accurate description of the public edifices, the buildings ... To which are added, descriptions of the buildings, tapestry, paintings, ... At Blenheim, Ditchley, Heythrop, Nuneham and Stow, ... 
250 |a A new edition, corrected, much enlarged, and adorned with a plan .. and six other plates. 
264 3 |a Oxford :  |b printed for D. Prince, and J. Cooke; and sold by J. F. and C. Rivington, in London,  |c 1783. 
300 |a 4 unnumbered pages, 152p., plates :  |b map ;  |c 12⁰. 
336 |a text  |b txt  |2 rdacontent 
337 |a computer  |b c  |2 rdamedia 
338 |a online resource  |b cr  |2 rdacarrier 
500 |a Sig. C1 is a cancel. 
500 |a Reproduction of original from the British Library. 
510 4 |a English Short Title Catalog,  |c ESTCT78579. 
533 |a Electronic reproduction.  |b Farmington Hills, Mich. :  |c Thomson Gale,  |d 2003.  |n Available via the World Wide Web.  |n Access limited by licensing agreements  |7 s2003 miunns 
500 |a Electronic resource. 
830 0 |a Eighteenth century collections online. 
856 4 0 |u http://proxy.library.tamu.edu/login?url=https://galenet.galegroup.com/servlet/ECCO?c=1&stp=Author&ste=11&af=BN&ae=T078579&tiPG=1&dd=0&dc=flc&docNum=CW115920947&vrsn=1.0&srchtp=a&d4=0.33&n=10&SU=0LRK&locID=txshracd2898  |z Full text online  |t 0 
999 |a MARS 
999 f f |s ad4db445-c046-32f3-a4c6-1d1f6f3c3a88  |i ece77608-eae2-3b15-85d0-f6c8e3e52a6c  |t 0 
952 f f |a Texas A&M University  |b College Station  |c Electronic Resources  |s www_evans  |d Available Online  |t 0  |h No information provided 
998 f f |t 0  |l Available Online